000 nam a22 7a 4500
999 _c17259
_d17259
008 161123b xxu||||| |||| 00| 0 eng d
020 _a1577540379
050 _aR 743.7 .M43 2007
100 _d2007
245 _a2006-2007:
_bmedical school admission requirements.
260 _aCanada:
_bAAMC,
_c2007.
300 _axii,405p.
942 _2lcc
_cBOOKS
_hR 743.7 .M43 2007